<?xml version="1.0" encoding="UTF-8"?>
<record
    xmlns:xsi="http://www.w3.org/2001/XMLSchema-instance"
    xsi:schemaLocation="http://www.loc.gov/MARC21/slim http://www.loc.gov/standards/marcxml/schema/MARC21slim.xsd"
    xmlns="http://www.loc.gov/MARC21/slim">

  <leader>01891nam a22003257a 4500</leader>
  <controlfield tag="003">NALT</controlfield>
  <controlfield tag="005">20251125232957.0</controlfield>
  <controlfield tag="008">      s2549    th                  thaeng</controlfield>
  <datafield tag="020" ind1=" " ind2=" ">
    <subfield code="a">9749391233</subfield>
  </datafield>
  <datafield tag="040" ind1=" " ind2=" ">
    <subfield code="a">NALT</subfield>
  </datafield>
  <datafield tag="041" ind1=" " ind2=" ">
    <subfield code="a">thaeng</subfield>
  </datafield>
  <datafield tag="090" ind1=" " ind2=" ">
    <subfield code="a">KC 13.4</subfield>
    <subfield code="b">&#xE01;117&#xE19; 2549 </subfield>
  </datafield>
  <datafield tag="110" ind1="2" ind2=" ">
    <subfield code="a">&#xE2A;&#xE33;&#xE19;&#xE31;&#xE01;&#xE07;&#xE32;&#xE19;&#xE01;&#xE2D;&#xE07;&#xE17;&#xE38;&#xE19;&#xE2A;&#xE19;&#xE31;&#xE1A;&#xE2A;&#xE19;&#xE38;&#xE19;&#xE01;&#xE32;&#xE23;&#xE27;&#xE34;&#xE08;&#xE31;&#xE22; (&#xE2A;&#xE01;&#xE27;.).</subfield>
    <subfield code="9">1886</subfield>
  </datafield>
  <datafield tag="240" ind1=" " ind2=" ">
    <subfield code="a">&#xE01;&#xE0E;&#xE2B;&#xE21;&#xE32;&#xE22;&#xE15;&#xE23;&#xE32;&#xE2A;&#xE32;&#xE21;&#xE14;&#xE27;&#xE07;</subfield>
  </datafield>
  <datafield tag="245" ind1="1" ind2="0">
    <subfield code="a">&#xE19;&#xE35;&#xE15;&#xE34;&#xE1B;&#xE23;&#xE31;&#xE0A;&#xE0D;&#xE32;&#xE44;&#xE17;&#xE22; :</subfield>
    <subfield code="b">&#xE1B;&#xE23;&#xE30;&#xE01;&#xE32;&#xE28;&#xE1E;&#xE23;&#xE30;&#xE23;&#xE32;&#xE0A;&#xE1B;&#xE23;&#xE32;&#xE23;&#xE20; &#xE2B;&#xE25;&#xE31;&#xE01;&#xE2D;&#xE34;&#xE19;&#xE17;&#xE20;&#xE32;&#xE29; &#xE1E;&#xE23;&#xE30;&#xE18;&#xE23;&#xE23;&#xE21;&#xE2A;&#xE32;&#xE15;&#xE23; &#xE41;&#xE25;&#xE30; On the laws of Mu'ung Thai or Siam /</subfield>
    <subfield code="c">&#xE2A;&#xE33;&#xE19;&#xE31;&#xE01;&#xE07;&#xE32;&#xE19;&#xE01;&#xE2D;&#xE07;&#xE17;&#xE38;&#xE19;&#xE2A;&#xE19;&#xE31;&#xE1A;&#xE2A;&#xE19;&#xE38;&#xE19;&#xE01;&#xE32;&#xE23;&#xE27;&#xE34;&#xE08;&#xE31;&#xE22; (&#xE2A;&#xE01;&#xE27;.) ; &#xE1A;&#xE23;&#xE23;&#xE13;&#xE32;&#xE18;&#xE34;&#xE01;&#xE32;&#xE23; &#xE27;&#xE34;&#xE19;&#xE31;&#xE22; &#xE1E;&#xE07;&#xE28;&#xE4C;&#xE28;&#xE23;&#xE35;&#xE40;&#xE1E;&#xE35;&#xE22;&#xE23;, &#xE27;&#xE35;&#xE23;&#xE27;&#xE31;&#xE25;&#xE22;&#xE4C; &#xE07;&#xE32;&#xE21;&#xE2A;&#xE31;&#xE19;&#xE15;&#xE34;&#xE01;&#xE38;&#xE25;. </subfield>
  </datafield>
  <datafield tag="260" ind1=" " ind2=" ">
    <subfield code="a">&#xE01;&#xE23;&#xE38;&#xE07;&#xE40;&#xE17;&#xE1E;&#xE2F; : </subfield>
    <subfield code="b">&#xE2A;&#xE33;&#xE19;&#xE31;&#xE01;&#xE07;&#xE32;&#xE19;&#xE01;&#xE2D;&#xE07;&#xE17;&#xE38;&#xE19;&#xE2A;&#xE19;&#xE31;&#xE1A;&#xE2A;&#xE19;&#xE38;&#xE19;&#xE01;&#xE32;&#xE23;&#xE27;&#xE34;&#xE08;&#xE31;&#xE22;, </subfield>
    <subfield code="c">2549</subfield>
  </datafield>
  <datafield tag="300" ind1=" " ind2=" ">
    <subfield code="a">429 &#xE2B;&#xE19;&#xE49;&#xE32; :</subfield>
    <subfield code="b">&#xE15;&#xE32;&#xE23;&#xE32;&#xE07; ;</subfield>
    <subfield code="c">27 &#xE0B;&#xE21;.</subfield>
  </datafield>
  <datafield tag="650" ind1="0" ind2="4">
    <subfield code="a">Law -- Thailand</subfield>
  </datafield>
  <datafield tag="650" ind1="0" ind2="4">
    <subfield code="a">Siamese law</subfield>
  </datafield>
  <datafield tag="650" ind1="0" ind2="4">
    <subfield code="a">&#xE1E;&#xE23;&#xE30;&#xE18;&#xE23;&#xE23;&#xE21;&#xE2A;&#xE32;&#xE15;&#xE23;</subfield>
  </datafield>
  <datafield tag="650" ind1="0" ind2="4">
    <subfield code="a">&#xE19;&#xE34;&#xE15;&#xE34;&#xE1B;&#xE23;&#xE31;&#xE0A;&#xE0D;&#xE32; -- &#xE44;&#xE17;&#xE22;</subfield>
  </datafield>
  <datafield tag="650" ind1="0" ind2="4">
    <subfield code="a">&#xE01;&#xE0E;&#xE2B;&#xE21;&#xE32;&#xE22;&#xE15;&#xE23;&#xE32;&#xE2A;&#xE32;&#xE21;&#xE14;&#xE27;&#xE07;</subfield>
  </datafield>
  <datafield tag="650" ind1="0" ind2="4">
    <subfield code="a">&#xE01;&#xE0E;&#xE2B;&#xE21;&#xE32;&#xE22;&#xE15;&#xE23;&#xE32;&#xE2A;&#xE32;&#xE21;&#xE14;&#xE27;&#xE07;&#xE19;&#xE34;&#xE15;&#xE34;&#xE1B;&#xE23;&#xE31;&#xE0A;&#xE0D;&#xE32; -- &#xE44;&#xE17;&#xE22;&#xE1E;&#xE23;&#xE30;&#xE18;&#xE23;&#xE23;&#xE21;&#xE2A;&#xE32;&#xE15;&#xE23;Siamese lawLaw -- Thailand</subfield>
  </datafield>
  <datafield tag="700" ind1="0" ind2=" ">
    <subfield code="9">13167</subfield>
    <subfield code="a">&#xE27;&#xE34;&#xE19;&#xE31;&#xE22; &#xE1E;&#xE07;&#xE28;&#xE4C;&#xE28;&#xE23;&#xE35;&#xE40;&#xE1E;&#xE35;&#xE22;&#xE23;</subfield>
  </datafield>
  <datafield tag="700" ind1=" " ind2=" ">
    <subfield code="9">25832</subfield>
    <subfield code="a">&#xE27;&#xE35;&#xE23;&#xE27;&#xE31;&#xE25;&#xE22;&#xE4C; &#xE07;&#xE32;&#xE21;&#xE2A;&#xE31;&#xE19;&#xE15;&#xE34;&#xE01;&#xE38;&#xE25;</subfield>
  </datafield>
  <datafield tag="850" ind1=" " ind2=" ">
    <subfield code="a">NALT</subfield>
  </datafield>
  <datafield tag="856" ind1="4" ind2="0">
    <subfield code="u">https://hdl.handle.net/20.500.14156/411382</subfield>
  </datafield>
  <datafield tag="942" ind1=" " ind2=" ">
    <subfield code="c">LB</subfield>
    <subfield code="2">local</subfield>
  </datafield>
  <datafield tag="999" ind1=" " ind2=" ">
    <subfield code="c">46924</subfield>
    <subfield code="d">46924</subfield>
  </datafield>
  <datafield tag="998" ind1=" " ind2=" ">
    <subfield code="j">1020</subfield>
    <subfield code="k"> &#xE19;&#xE32;&#xE07;&#xE08;&#xE33;&#xE40;&#xE23;&#xE35;&#xE22;&#xE07;  &#xE23;&#xE30;&#xE27;&#xE31;&#xE07;&#xE2A;&#xE33;&#xE42;&#xE23;&#xE07;</subfield>
  </datafield>
  <datafield tag="952" ind1=" " ind2=" ">
    <subfield code="0">0</subfield>
    <subfield code="1">0</subfield>
    <subfield code="4">0</subfield>
    <subfield code="7">0</subfield>
    <subfield code="8">CLAW</subfield>
    <subfield code="a">NALT</subfield>
    <subfield code="b">NALT</subfield>
    <subfield code="l">0</subfield>
    <subfield code="o">KC 13.4 &#xE01;117&#xE19; 2549</subfield>
    <subfield code="p">3961159223</subfield>
    <subfield code="r">2017-06-09 00:00:00</subfield>
    <subfield code="t">c. 2</subfield>
    <subfield code="w">2017-06-09</subfield>
    <subfield code="y">LB</subfield>
  </datafield>
  <datafield tag="952" ind1=" " ind2=" ">
    <subfield code="0">0</subfield>
    <subfield code="1">0</subfield>
    <subfield code="4">0</subfield>
    <subfield code="7">0</subfield>
    <subfield code="8">CLAW</subfield>
    <subfield code="a">NALT</subfield>
    <subfield code="b">NALT</subfield>
    <subfield code="l">0</subfield>
    <subfield code="o">KC 13.4 &#xE01;117&#xE19; 2549</subfield>
    <subfield code="p">3961158455</subfield>
    <subfield code="r">2017-06-09 00:00:00</subfield>
    <subfield code="t">c. 1</subfield>
    <subfield code="w">2017-06-09</subfield>
    <subfield code="y">LB</subfield>
  </datafield>
  <datafield tag="952" ind1=" " ind2=" ">
    <subfield code="0">0</subfield>
    <subfield code="1">0</subfield>
    <subfield code="4">0</subfield>
    <subfield code="7">0</subfield>
    <subfield code="8">CLAW</subfield>
    <subfield code="a">NALT</subfield>
    <subfield code="b">NALT</subfield>
    <subfield code="l">0</subfield>
    <subfield code="o">KC 13.4 &#xE01;117&#xE19; 2549</subfield>
    <subfield code="p">3961159355</subfield>
    <subfield code="r">2017-06-09 00:00:00</subfield>
    <subfield code="t">c. 3</subfield>
    <subfield code="w">2017-06-09</subfield>
    <subfield code="y">LB</subfield>
  </datafield>
</record>
